00953nam a2200217 a 450000100100000000500170001000800410002704000250006808200260009310000280011924500580014726000410020530000210024650000210026759000260028865100590031491000370037395201830041095201250059399900170071800003136720200930062900.0100217s193u dr a r 000 1 spa d aDO-SdBNPbspacBNPHU aR 380.10257293bP515d1 aPeynado, Luis O.95779710aDirectorio industrial y comercial /cLuis O. Peynado. aCiudad Trujillo :b[s.n.],c[193-?]. a552 p. ;c25 cm. aIncluye índice aInventariado, 2018/YL 4aRepública DominicanaxIndustriasvDIRECTORIOS935383 aValidado. Control de calidad MFF 001050718RVaPDbPDcHDd2011-06-20iLF1l0oR 380.10257293 P515dp31367-10r2020-06-25w2020-06-25y1zPerteneció a la biblioteca personal de Martínez Boog.ZNo se presta 00107-18PDaPDbPDcOId2011-06-20iLF1l0oR 380.10257293 P515dp31368-10r2020-06-25w2020-06-25yLFPDZNo se presta c30859d30859